00528nam a2200121Ia 4500008004100000100002300041245012900064245003900193260000900232300003500241440003900276650009100315171207s9999 xx 000 0 und d aCamargo, Blanca A. aWhat do tourism students know about sustainability and sustainable tourism? An exploratory study of Latin American students  cBlanca A. Camargo & Ulrike Gretzel c2017 apages 101-117, April-June 2017 aTeaching in Travel & Tourismv17:2 aSustainability, Latin America, assessments, tourism education, sustainability pedagogy